LEADER 01053cac 2200337 450 001 990001055670203316 005 20120612110431.0 035 $a0105567 035 $aUSA010105567 035 $a(ALEPH)000105567USA01 035 $a0105567 100 $a20020322d--------km-y0itay0103----ba 101 $aspa 102 $aES 110 $aaha-------- 200 1 $aRevista de estudios de la vida local 210 $aMadrid$cInstituto de estudios de adminstracion local 326 $aTrimestrale 440 1$10010105565$12001$aRevista de estudios de la administration local y autonomica 676 $a352.14 801 0$aIT$bsalbc$gISBD 912 $a990001055670203316 958 $aECO$bFondo$c39(1980)-43(1984).$l1980-1982; 959 $aSE 979 $aPATTY$b90$c20020322$lUSA01$h1324 979 $c20020403$lUSA01$h1745 979 $aPATRY$b90$c20040406$lUSA01$h1713 979 $aVITTORIANA$b90$c20120612$lUSA01$h1103 979 $aVITTORIANA$b90$c20120612$lUSA01$h1104 979 $aVITTORIANA$b90$c20120612$lUSA01$h1104 997 $aUNISA